Statistics for School Subjects

Click here to take the quiz!

General Stats

  • This quiz has been taken 28 times
  • The average score is 7 of 13

Answer Stats

Answer% Correct
Math
100%
Science
95%
English
90%
History
76%
Spanish
76%
French
71%
Physical Education
48%
Music
43%
Computer Science
24%
Algebra
19%
Health
14%
Coding
5%
Sex Ed
5%

Score Distribution

Percentile by Number Answered

Percent of People with Each Score

Your Score History

You have not taken this quiz